Minecraft Ores - Statistics

General Stats
  • This quiz has been taken 109,722 times
    89,541 since last reset
  • The average score is 9 of 11
Answer Stats
Ore % Correct
Gold
97%
Iron
97%
Nether gold
97%
Diamond
96%
Coal
85%
Lapis lazuli
77%
Redstone
77%
Emerald
74%
Copper
72%
Nether quartz
70%
Ancient debris
58%
No matching quizzes found
Score Distribution
Percent of People with Each Score
Percentile by Number Answered
Your Score History
You have not taken this quiz since the last reset